| 000 | 00436nam a2200169Ia 4500 | ||
|---|---|---|---|
| 003 | STCL | ||
| 008 | 181203s9999 xx 000 0 und d | ||
| 020 | _a9780521682138 | ||
| 040 |
_aSTCL _bEN _cSTCL |
||
| 082 | _222 | ||
| 100 | _aCarruthers, William; Coldham, Iain | ||
| 245 | 0 | _aModern Methods of Organic Synthesis | |
| 260 |
_bCambridge University Press _aCambridge _c2012 |
||
| 300 | _a493 | ||
| 546 | _aEnglish | ||
| 942 |
_2ddc _cBK |
||
| 999 |
_c82903 _d82903 |
||